Statistiques concernant Personnages de Dragon Ball/ Dragon Ball Z / GT / Super

Cliquez ici pour prendre le quiz!

Statistiques générales

  • Ce quiz a été pris 4 015 fois
    (3 893 depuis la dernière actualisation)
  • Le résultat moyen est 74 sur 364

Statistiques - réponses

RaceSagaNom% Correct
SaiyanDB/DBZ/DBS/DBGTSon Goku
99%
SaiyanDBZ/DBS/DBGTVegeta
96%
SaiyanDBZ/DBGT/DBSSon Gohan
93%
SaiyanDBZ/DBS/DBGTSon Goten
90%
SaiyanDBZ/DBS/DBGTTrunks
89%
CyborgDBZ/DBSC17
86%
CyborgDBZ/DBS/DBGTC18
86%
HumainDB/DBZ/DBS/DBGTBulma
85%
AlienDBZ/DBSFreezer
85%
CyborgDBZC16
82%
NamekDB/DBZ/DBS/DBGTPiccolo
82%
CyborgDBZ/DBGTCell
81%
AnimalDBTo le carotteur
81%
CyborgDBZ/DBGTC20
80%
AnimalDBZBéé
79%
CyborgDBZC19
79%
HumainDBZYam
79%
HumainDB/DBZ/DBS/DBGTKrilin
78%
SaiyanDBZBroly
77%
HumainDB/DBZ/DBS/DBGTChichi
77%
SaiyanDBZRaditz
75%
SaiyanDBZBardock
74%
CyborgDBZC15
74%
SaiyanDBZNappa
74%
CyborgDBZC13
72%
HumainDB/DBZ/DBS/DBGTYamcha
72%
DivinitéDBSBeerus
71%
CyborgDBZC14
71%
AlienDBZ/DBS/DBGTBoo
70%
SaiyanDBS/DBGTPan
70%
DivinitéDBSWhis
69%
SaiyanDBZ/DBGTGogeta
68%
SaiyanDBZ/DBSVegeto
68%
HumainDBZ/DBS/DBGTHercule Satan
67%
HumainDBZ/DBS/DBGTVidel
65%
AlienDBSJiren
64%
DragonDB/DBZ/DBS/DBGTShenron
63%
DivinitéDBSKai
62%
HumainDB/DBZ/DBS/DBGTTen Shin Han
62%
AlienDBZCooler
60%
SaiyanDBZGotenks
59%
AnimalDB/DBZTortue
59%
SaiyanDBSBlack Goku
58%
HumainDBColonel Black
58%
DivinitéDBSRo
58%
AlienDBSRoasy
58%
AlienDBZBabidi
57%
DivinitéDBSChampa
57%
NamekDBZ/DBGTDende
57%
HumainDBZ/DBSChaozu
55%
HumainDB/DBZ/DBS/DBGTKame Senin
54%
SaiyanDBS/DBGTBra
52%
DivinitéDBSZeno
52%
AlienDBZ/DBSGinyu
50%
CyborgDBC8
49%
AlienDBSHit
49%
SaiyanDBSKale
49%
DivinitéDBSZamasu
49%
HumainDB/DBZ/DBS/DBGTMai
47%
CyborgDBGTBaby
46%
SaiyanDBSCaulifla
46%
AlienDBZDabra
46%
NamekDBZNail
46%
HumainDBTao pai pai
46%
AlienDBZRoi Cold
45%
AlienDBSToppo
45%
SaiyanDBZThales
44%
DivinitéDBSVados
44%
AnimalDB/DBZOolong
43%
SaiyanDBZRoi Vegeta
43%
AlienDBZZabon
43%
AlienDBZDodoria
42%
AlienDBZGhourd
42%
SaiyanDBSKefla
42%
HumainDB/DBZ/DBGTMister Popo
42%
AlienDBZBibidi
41%
AlienDBZButta
41%
SaiyanDBSCabba
39%
NamekDB/DBZTout-puissant
39%
AlienDBZJanemba
38%
DivinitéDB/DBZKarin
38%
HumainDBZ/DBGTOob
38%
AlienDBZReacum
38%
HumainDB/DBZYajirobe
38%
SaiyanDBZParagus
37%
CyborgDBZCell Jr
36%
CyborgDBGTSuper C17
36%
AlienDBZJeese
35%
HumainDB/DBZ/DBS/DBGTPilaf
35%
DragonDBGTLi Shenron
33%
DivinitéDBZ/DBSKibito
32%
HumainDB/DBZLunch
32%
AlienDBZBojack
30%
AlienDBSFrost
30%
AlienDBZKiwi
30%
AlienDBSDyspo
29%
AlienDBZTapion
28%
HumainDBZMarlene
27%
SaiyanDBZGine
26%
DivinitéDBSGrand Prêtre
26%
HumainDBS/DBGTMaron
26%
DragonDBZPolunga
26%
DivinitéDBSShin
26%
SaiyanDBZTable
26%
SaiyanDBZ/DBSTrunks du futur
26%
HumainDBCommandant Blue
25%
AlienDBZPuipui
25%
SaiyanDBZToma
25%
HumainDB/DBZBaba la voyante
24%
AlienDBZGarlic
24%
DivinitéDBZRoi Enma
24%
SaiyanDBZSelipa
24%
HumainDBZSpopovitch
24%
NamekDBZSlug
23%
HumainDBGénéral Red
22%
CyborgDB/DBSAralé
21%
CyborgDBZMétal Cooler
21%
AlienDBZPaikuhan
21%
HumainDBNam
20%
AlienDBZApple
19%
AlienDBSJaco
19%
DivinitéDBZ/DBSKaio du Nord
19%
DivinitéDBZKaio du Sud
19%
AlienDBZYakon
19%
AlienDBSBrianne de Chateau
18%
HumainDB/DBZGyumao
18%
DivinitéDBZKaio de l'Est
18%
DivinitéDBZKaio de l'Ouest
18%
HumainDB/DBZ/DBS/DBGTShu
18%
DragonDBGTSuu Shenron
18%
DivinitéDBSVermoud
18%
AnimalDBSBergamo
17%
AnimalDBSBotamo
17%
DivinitéDBSGowasu
17%
AnimalDB/DBZPuerh
17%
DivinitéDBZKibitoshin
16%
DivinitéDBSGyn
15%
AlienDBSMagetta
15%
AlienDBZSauzer
15%
AlienDBZHildegarn
14%
DivinitéDBZKaioshin de l'Est
14%
DivinitéDBZKaioshin de l'Ouest
14%
DivinitéDBZKaioshin du Nord
14%
DivinitéDBZKaioshin du Sud
14%
AlienDBZSaibaiman
14%
AlienDBTambourine
14%
AlienDBSMonaka
13%
SaiyanDBZTotappo
13%
HumainDBTsuru Senin
13%
NamekDBDémon Piccolo
12%
CyborgDBZMecha Freezer
12%
SaiyanDBZPumbukin
12%
HumainDBUpa
12%
AlienDBZZangya
12%
AnimalDBSBasil
11%
HumainDBCapitaine Yellow
11%
DivinitéDBSQuitela
11%
DragonDBGTSan Shenron
11%
AlienDBZChilled
10%
HumainDBCommandant White
10%
AlienDBZGokua
10%
DivinitéDBZ/DBSVieux Kaioshin
10%
HumainDBBola
9%
AlienDBZGarlic Junior
9%
CyborgDBGTGénéral Rild
9%
AnimalDBZ/DBSGrégory
9%
HumainDBJackie Chun
9%
DragonDBGTRyu Shenron
9%
DivinitéDBSArak
8%
AnimalDBZ/DBSBubbles
8%
AlienDBCymbal
8%
AlienDBDrum
8%
CyborgDBGTGiru
8%
HumainDBLanfan
8%
AnimalDBSLavenda
8%
DivinitéDBSLiquir
8%
DivinitéDBSMarcarita
8%
DivinitéDBSMosco
8%
CyborgDBGTProfesseur Myu
8%
DivinitéDBSSidra
8%
AlienDBZSorbet
8%
AlienDBZTagoma
8%
AlienDBZBido
7%
HumainDBCapitaine Silver
7%
HumainDBCapitaine Violet
7%
NamekDBZCargo
7%
DivinitéDBZDai Kaio
7%
HumainDBZ/DBSDocteur Brief
7%
CyborgDBZDocteur Willow
7%
HumainDBMomie
7%
NamekDBSSaonel
7%
AlienDBZAbo
6%
HumainMangakaAkira Toriyama
6%
AlienDBZBujin
6%
DivinitéDBSIwen
6%
HumainDBZ/DBSMadame Brief
6%
DivinitéDBSMojito
6%
NamekDBZMuri
6%
HumainDBMutaito
6%
AlienDBPiano
6%
DragonDBGTRyan Shenron
6%
HumainDBBacterian
5%
AlienDBZCado
5%
AlienDBSCocotte
5%
DivinitéDBSCus
5%
HumainDBDiableman
5%
HumainDBZErasa
5%
AnimalDBGuilan
5%
AlienDBZHatchiyak
5%
DivinitéDBSHelles
5%
AlienDBSKakunsa
5%
HumainDBZMighty Mask
5%
NamekDBSPirina
5%
SaiyanDBZPumpkin
5%
HumainDBSergent Murasaki
5%
AlienDBZAbo Cado
4%
CyborgDBSAnilaza
4%
HumainDB/DBZ/DBGTArbitre du Tenkaichi Budokai
4%
DivinitéDBSAwamo
4%
SaiyanDBZBrocco
4%
DivinitéDBSCampari
4%
DragonDBGTChi Shenron
4%
DivinitéDBZDai Kaioshin
4%
AnimalDBSDocteur Rota
4%
AlienDBZDore
4%
HumainDBDraculaman
4%
HumainDBGrand-père SonGohan
4%
AlienDBZHoï
4%
HumainDBHomme Invisible
4%
HumainDBZJewel
4%
DivinitéDBSKorn
4%
AlienDBZNeizu
4%
AlienDBZRaichi
4%
DivinitéDBSRhumushi
4%
HumainDBRoi Chapa
4%
AlienDBZShisami
4%
DivinitéDBSSour
4%
DivinitéDBSZuno
4%
AlienDBZAmondo
3%
HumainDBBuyon
3%
AlienDBSCaway
3%
AlienDBSDamon
3%
AlienDBSHop
3%
NamekDBKatatts
3%
HumainDBZKiller
3%
AlienDBZMinosha
3%
AlienDBSNapapa
3%
AlienDBSObuni
3%
HumainDBPamputt
3%
CyborgDBSergent Metallic
3%
DragonDBGTShenron Rouge
3%
HumainDBSuno
3%
AlienDBSTupper
3%
DragonDBGTUu Shenron
3%
DivinitéDBSAnat
2%
HumainDBZAngela
2%
AlienDBZAngira
2%
HumainDBZCaptain Chicken
2%
HumainDBZCaroni
2%
DivinitéDBSCle
2%
AlienDBSComfrey
2%
DivinitéDBSCukatail
2%
AlienDBZDaizu
2%
HumainDBZDocteur Flatt
2%
CyborgDBZDocteur Kochin
2%
AlienDBZDorodabo
2%
DivinitéDBSFuwa
2%
AlienDBSGanos
2%
AlienDBZGinger
2%
AlienDBZGure
2%
AlienDBSHermila
2%
AlienDBSHyssop
2%
HumainDBZIdasa
2%
HumainDBZIkose
2%
AlienDBSJimizu
2%
AlienDBZKakao
2%
AlienDBSKettol
2%
HumainDBZKnock
2%
CyborgDBSKoitsukai
2%
AlienDBSLilibeu
2%
AlienDBSMaji Kayo
2%
AnimalDBSMajora
2%
AlienDBSMonna
2%
AlienDBZMustard
2%
CyborgDBSNarirama
2%
AlienDBZNikki
2%
AlienDBSNink
2%
AlienDBSOregano
2%
Alien DBSPaparoni
2%
DivinitéDBSPell
2%
HumainDBZPizza
2%
AlienDBSPrum
2%
AlienDBSRabanra
2%
AlienDBZRakasei
2%
AlienDBSRezun
2%
NamekDBZSaichoroshi
2%
HumainDBZShapner
2%
AlienDBSShosa
2%
CyborgDBTao pai pai (cyborg)
2%
AnimalDBZTaro
2%
NamekDBZTsuno
2%
AlienDBZVinegar
2%
AlienDBSVuon
2%
DragonDBSZarama
2%
AlienDBSZarbuto
2%
AlienDBSZirloin
2%
AlienDBSZoiray
2%
DivinitéDBSAir
1%
AlienDBZBika
1%
CyborgDBSBollarator
1%
AlienDBGTBon Para
1%
AlienDBSCahsserale
1%
AlienDBSChappil
1%
HumainDBCommandant Copper
1%
DivinitéDBSConic
1%
AlienDBSDarkori
1%
AlienDBZDocteur Raichi
1%
AlienDBGTDoltakki
1%
AlienDBGTDon Para
1%
AlienDBZEbifurya
1%
AlienDBSGamisarasu
1%
AlienDBZGyoshu
1%
AnimalDBZHaiya Dragon
1%
DivinitéDBSIII
1%
AlienDBSJilcol
1%
AlienDBSJirasen
1%
AlienDBSJium
1%
AlienDBZKakuja
1%
AlienDBSKatopesla
1%
AlienDBZKishime
1%
CyborgDBSKoichiarator
1%
AnimalDBKonkichi
1%
AlienDBSKunshi
1%
AlienDBSLavanra
1%
DivinitéDBSMatyne
1%
AlienDBZMedamacha
1%
AlienDBSMethiop
1%
AlienDBZMisokattsun
1%
HumainDBZMokkeko
1%
AlienDBSMurichim
1%
AlienDBSMurisam
1%
CyborgDBSNigrisshi
1%
DivinitéDBSOgma
1%
CyborgDBSPanchia
1%
HumainDBGTPelace
1%
HumainDBZPiroshiki
1%
AlienDBZPran
1%
HumainDBGTPrêtre maloja
1%
HumainDBZPuntar
1%
AlienDBSRoselle
1%
AlienDBSRubalt
1%
AlienDBZSalt
1%
AlienDBZSansho
1%
AlienDBSShantsa
1%
AlienDBGTSon Para
1%
AlienDBSSorrel
1%
AlienDBZSpice
1%
AlienDBSThe Preecho
1%
HumainDBZTights Brief
1%
DivinitéDBSUgg
1%
CyborgDBSViara
1%
Alien DBSVikal
1%
AlienDBZZakuro
1%
AlienDBZNarmira
0%

Distribution des résultats

Percentile par nombre de réponses

% des personnes avec chaque résultat

Votre développement - résultats

Vous n’avez pas pris ce quiz depuis la dernière actualisation